| 000 | 00781nam a22002651 4500 | ||
|---|---|---|---|
| 001 | 16661 | ||
| 003 | BD-RjUL | ||
| 005 | 20211209000034.0 | ||
| 008 | 140215s1965 nyua b 001 0 eng d | ||
| 035 | _a(BD-RjUL)16716 | ||
| 035 | _a(OCoLC)1697920 | ||
| 040 |
_aDLC _cOAkU _dOCoLC _dUk _dDLC _dBD-RjUL _beng |
||
| 041 | _aeng | ||
| 082 | 0 | 0 |
_a667.6 _bPAP 1965 |
| 100 | 1 |
_aParker, Dean H. _951464 |
|
| 245 | 1 | 0 |
_aPrinciples of surface coating technology / _cby Dean H. Parker. |
| 260 |
_aNew York : _bInterscience Publishers, _c1965. |
||
| 300 |
_axvi, 817 p. : _bill .; _c24 cm. |
||
| 504 | _aBibliography: p. 801-808. and index. | ||
| 650 | 0 |
_aPaint. _949894 |
|
| 650 | 0 |
_aPigments. _951465 |
|
| 650 | 0 |
_aProtective coatings. _931824 |
|
| 942 |
_2ddc _cBK |
||
| 999 |
_c16661 _d16661 |
||